Power in weakness : (Record no. 8822)

MARC details
000 -LEADER
fixed length control field 00686nam a22002052 4500
001 - CONTROL NUMBER
control field 0000019096
005 - DATE AND TIME OF LATEST TRANSACTION
control field 20151217152145.0
008 - FIXED-LENGTH DATA ELEMENTS--GENERAL INFORMATION
fixed length control field 100908s xx 000 0 eng d
020 ## - INTERNATIONAL STANDARD BOOK NUMBER
International Standard Book Number 1563383152 :
040 ## - CATALOGING SOURCE
Original cataloging agency KABU
Transcribing agency KABU
100 1# - MAIN ENTRY--PERSONAL NAME
Personal name Wan, Sze-kar.
-- 0000178726
245 10 - TITLE STATEMENT
Title Power in weakness :
Remainder of title conflict and rhetoric in Paul's second letter to the Corinthians /
Statement of responsibility, etc. Sze-kar Wan.
250 ## - EDITION STATEMENT
Edition statement 1st ed.
260 ## - PUBLICATION, DISTRIBUTION, ETC. (IMPRINT)
Place of publication, distribution, etc. Harrisburg, PA :
Name of publisher, distributor, etc. Trinity Press,
Date of publication, distribution, etc. 2000.
300 ## - PHYSICAL DESCRIPTION
Extent 1st p.
630 00 - SUBJECT ADDED ENTRY--UNIFORM TITLE
Uniform title Bible.
Name of part/section of a work N. T.
-- Corinthians, 2nd.
General subdivision Criticism, interpretation, etc.
-- 0000178727
852 1# - LOCATION
-- p400 KES
908 ## - PUT COMMAND PARAMETER (RLIN)
Put command parameter 100908
950 ## - LOCAL HOLDINGS (RLIN)
-- 1
Holdings
Withdrawn status Lost status Source of classification or shelving scheme Not for loan Home library Current library Date acquired Total Checkouts Full call number Barcode Date last seen Date last checked out Price effective from Koha item type
    Library of Congress Classification   Kabarak, Main Campus Kabarak, Main Campus 17/12/2015 1 BS2675.2 .W36 2000 c. 1 23942 02/08/2024 27/05/2019 17/12/2015 General Collection
Designed with assistance from East African Informatics Ltd